| 000 | 01296nam a2200301 a 4500 | ||
|---|---|---|---|
| 001 | BRCA_4916 | ||
| 005 | 20190320204846.0 | ||
| 008 | 201010s1826----mx-#######---#000-0#spa-# | ||
| 041 | _aspa | ||
| 044 | _amx | ||
| 084 |
_aDOC9 _b.D63 _c1826 |
||
| 245 | 1 | 0 | _aDocumento firmado el 26 de enero de 1826. |
| 260 |
_aMéxico _c1826 |
||
| 300 |
_a[1] foja _c31 x 21 cm. |
||
| 500 | _aDocumento dirigido al Ministro de Relaciones Exteriores, en respuesta al cumplimiento de su orden de no permitir el desembarco en Veracruz del Coronel Carlos Beneski, por motivo de los acontecimientos de Padilla (Tamaulipas) con el General Iturbide. | ||
| 500 | _aAl margen inscripción que dice: ´GOBIERNO DEL ESTADO LIBRE DE MEXICO´. | ||
| 500 | _aEl documento contiene la leyenda DOC. #18. | ||
| 500 | _aPapel con marca de agua. | ||
| 506 | 0 | _aFondo Reservado. Para su consulta es necesario credencial de usuario y carta de motivos. | |
| 546 | _aTexto en: español de principios del siglo XIX. | ||
| 600 | 1 | 4 |
_aBeneski, Carlos _cCoronel _912449 |
| 650 | 1 | 4 |
_aExiliados _zMéxico _912450 |
| 651 | 4 |
_aMéxico _xHistoria _yPrimeros gobiernos independientes, 1821-1824 _912451 |
|
| 700 | 1 |
_aIturbide, Agustín de _d1783-1824 _912452 |
|
| 700 | 1 |
_aBeneski, Carlos _912453 |
|
| 902 | _aFDH | ||
| 942 |
_2lcc _cD |
||
| 999 |
_c4610 _d4610 |
||